LEADER 00677nas a2200181 i 4500 001 000000136121 003 CaOOAMICUS 005 20160421000000.0 008 160421b it uu u0 0ita r 013 $a109596 040 $aSeMil$bita 245 10$a[Prima sezione]. 710 2 $aSeminario arcivescovile di Milano : Osservatorio di Fisica terrestre.$0(OLS)http://semarc/name/1669 773 0 $tOsservazioni climatologiche 1934-1988.$d[S.l.] : [s.n.], [1988?]$w()33140 850 $aSeMil 852 $aSeMil$W1$xVenegono$y1$m101 6 29/1$j89739$B89739$CSeMilBibl$Z2$F210748 $85 961 $aLascito: Orsenigo don Elia 996 $6245$a[Prima sezione]$9(OLS)http://semarc/title/198905 LEADER 01421nam a2200277 i 4500 001 000000348615 003 CaOOAMICUS 005 20240328113319.0 008 211124s2021 it u000 u ita u 020 $a978-88-7367-285-2 040 $aSeMil$bita 100 1 $aMoro, Alessandro ,$d<1964- >.$0(OLS)http://semarc/name/115072 245 13$aIl pellegrinaggio come esperienza liminale della fede :$bla trasformazione del pellegrinaggio in senso postmoderno /$cAlessandro Moro. 264 1$aRoma :$bCLV Edizioni Liturgiche ;$aPadova :$bAbbazia di Santa Giustina,$c2021. 300 $a502 p. ;$c21 cm. 490 1 $aCaro Salutis Cardo. Studi ;$v24 650 4$aPellegrinaggi.$0(OLS)http://semarc/subject/9005 650 4$aTurismo religioso.$0(OLS)http://semarc/subject/31806 830 0$aCaro Salutis Cardo. Studi ;$v24.$0(OLS)http://semarc/title/451 850 $aSeMil 852 $aSeMil$W1$xVenegono$y1$m2NA Q 24$j252118$B239723$CSeMilBibl$Z2$F239723 $81 996 $6020$a978-88-7367-285-2$9(OLS)http://semarc/number/294657 996 $6245$aIl pellegrinaggio come esperienza liminale della fede :$bla trasformazione del pellegrinaggio in senso postmoderno$9(OLS)http://semarc/title/438044 996 $6264$aRoma :$bCLV Edizioni Liturgiche$9(OLS)http://semarc/publisher/29627 996 $6264$aPadova :$bAbbazia di Santa Giustina$9(OLS)http://semarc/publisher/29796 LEADER 01230nam a2200265 i 4500 001 000000126269 003 CaOOAMICUS 005 20040513000000.0 008 040513s1993 it u000 u ita u 013 $a98974 040 $aSeMil$bita 100 1 $aQuacquarelli, Antonio.$0(OLS)http://semarc/name/3 245 10$aRosmini e la dottrina del sacerdozio /$cA. Quacquarelli ; A. Mastantuono ; R. Corti ; a cura di Gianni Picenardi. 260 $aStresa :$bSodalitas,$ccopyr. 1993. 300 $a93 p. ;$c20 cm. 650 4$aSacerdozio - Teologia.$0(OLS)http://semarc/subject/1982 650 4$aRosmini Serbati, Antonio - Pensiero teologico.$0(OLS)http://semarc/subject/7267 700 1 $aPicenardi, Gianni.$0(OLS)http://semarc/name/13198 700 1 $aMastantuono, Antonio.$0(OLS)http://semarc/name/44644 700 1 $aCorti, Renato,$c.$0(OLS)http://semarc/name/16279 850 $aSeMil 852 $aSeMil$W1$xVenegono$y1$m389 4 *$j80651$B80651$CSeMilBibl$Z2$F82963 $81 961 $aLascito: Luzzini don Angelo 996 $6245$aRosmini e la dottrina del sacerdozio$9(OLS)http://semarc/title/186110 996 $6260$aStresa :$bSodalitas$9(OLS)http://semarc/publisher/39841